Electricity and magnetism / (Record no. 184214)
[ view plain ]
| 000 -LEADER | |
|---|---|
| fixed length control field | 00895 a2200169 4500 |
| 003 - CONTROL NUMBER IDENTIFIER | |
| control field | NUST |
| 005 - DATE AND TIME OF LATEST TRANSACTION | |
| control field | 20221202153245.0 |
| 040 ## - CATALOGING SOURCE | |
| Transcribing agency | Nust |
| 082 ## - DEWEY DECIMAL CLASSIFICATION NUMBER | |
| Classification number | 537,STA |
| 100 ## - MAIN ENTRY--PERSONAL NAME | |
| Personal name | Starling,Sydney |
| 9 (RLIN) | 104034 |
| 245 ## - TITLE STATEMENT | |
| Title | Electricity and magnetism / |
| Statement of responsibility, etc. | Sydney, Starling |
| 260 ## - PUBLICATION, DISTRIBUTION, ETC. | |
| Place of publication, distribution, etc. | london |
| Name of publisher, distributor, etc. | longmans |
| Date of publication, distribution, etc. | 1941 |
| 300 ## - PHYSICAL DESCRIPTION | |
| Extent | 636 p.: |
| 505 ## - FORMATTED CONTENTS NOTE | |
| Formatted contents note | Magnetism (Page-1), The Electric Current (Page-47), The Electric Current (confused) (Page-70), Electrostatics (Page-105), Electrostatics continued (Page-147), Electrolysis (Page-170), Thermo Electricity (Page-202), Electromagnetics (Page-225), Magnetic Properties Materials (Page-269), Varying Current (Page-305), Alternating Currents (Page-342), Units (Page-390), Electromagnetic Radiation (Page-413), Conduction in Gases (Page-463), Radioactivity (Page-512), Atoms (543). |
| 650 ## - SUBJECT ADDED ENTRY--TOPICAL TERM | |
| Topical term or geographic name entry element | Electricity and magnetism |
| 9 (RLIN) | 64093 |
| 942 ## - ADDED ENTRY ELEMENTS (KOHA) | |
| Source of classification or shelving scheme | |
| Koha item type | Book |
| Call number prefix | 537,STA |
| Withdrawn status | Lost status | Source of classification or shelving scheme | Damaged status | Not for loan | Collection code | Permanent Location | Current Location | Date acquired | Total Checkouts | Full call number | Barcode | Date last seen | Price effective from | Koha item type | Shelving location | Public note |
|---|---|---|---|---|---|---|---|---|---|---|---|---|---|---|---|---|
| Military College of Signals (MCS) | Military College of Signals (MCS) | 12/12/2016 | 537 STA | MCS5924 | 12/08/2016 | 12/12/2016 | Book | |||||||||
| Military College of Signals (MCS) | Military College of Signals (MCS) | 12/12/2016 | 537,STA | MCS7264 | 12/08/2016 | 12/12/2016 | Book | General Stacks | Almirah No.16, Shelf No.4 |
